| 000 | 01625cam a22004097i 4500 | ||
|---|---|---|---|
| 001 | 18533611 | ||
| 003 | SISC | ||
| 005 | 20161004153054.0 | ||
| 008 | 150319s2015 ne a b 001 0 eng d | ||
| 010 | _a 2015936504 | ||
| 020 | _a9780128007266 | ||
| 020 | _a0128007265 | ||
| 020 | _z9780128008140 | ||
| 035 | _a(OCoLC)ocn913191990 | ||
| 040 |
_aCVU _beng _cCVU _erda _dOCLCO _dYDXCP _dBTCTA _dCDX _dMVP _dOCLCF _dOCLCO _dNAM _dOCLCO _dMYG _dDLC |
||
| 042 | _alccopycat | ||
| 050 | 0 | 0 |
_aQA 76.76.S65 _b.K85 2015 |
| 082 | 0 | 4 | _a006.3/3 |
| 100 | 1 |
_aKukunas, Jim, _eauthor. |
|
| 245 | 1 | 0 |
_aPower and performance : _bsoftware analysis and optimization / _cJim Kukunas. |
| 260 |
_aUSA : _bElsevier, _c2015. |
||
| 300 |
_axvii, 284 pages : _billustrations ; _c24 cm. |
||
| 500 | _aIncludes bibliographical references and index. | ||
| 650 | 0 | _aSoftware measurement. | |
| 650 | 0 |
_aComputer software _xDevelopment. |
|
| 650 | 0 |
_aComputer software _xEvaluation. |
|
| 650 | 0 |
_aHigh performance computing _xProgramming. |
|
| 650 | 7 |
_aComputer software _xDevelopment. _2fast |
|
| 650 | 7 |
_aComputer software _xEvaluation. _2fast |
|
| 650 | 7 |
_aSoftware measurement. _2fast |
|
| 776 | 0 | 8 |
_iOnline version: _aKukunas, Jim. _tPower and performance. _dAmsterdam : Morgan Kaufmann, [2015] _z9780128008140 _w(OCoLC)908192108 |
| 856 | 4 | 2 |
_3Publisher description _uhttps://www.loc.gov/catdir/enhancements/fy1614/2015936504-d.html |
| 906 |
_a7 _bcbc _ccopycat _d2 _encip _f20 _gy-gencatlg |
||
| 942 |
_2lcc _cBK |
||
| 999 |
_c305147 _d305147 |
||